Statistics for 2000's British Films Screenshots (Part 2: 2005-2009)

Click here to take the quiz!

General Stats

  • This quiz has been taken 19 times
  • The average score is 8 of 16

Answer Stats

Answer% Correct
Slumdog Millionaire
89%
Hot Fuzz
74%
Atonement
68%
Kinky Boots
68%
Harry Potter and the Goblet of Fire
63%
The Boat That Rocked
58%
The Damned United
58%
This Is England
53%
The Constant Gardener
47%
The Duchess
47%
The History Boys
47%
Starter For 10
42%
The Hitchhiker's Guide To The Galaxy
42%
Nowhere Boy
32%
Notes On A Scandal
26%
Is Anybody There?
11%

Score Distribution

Percentile by Number Answered

Percent of People with Each Score

Your Score History

You have not taken this quiz